Central Library OPAC University of Rajshahi

Subject headings: (Record no. 535)

MARC details
000 -LEADER
fixed length control field 00793cam a2200241I 4500
001 - CONTROL NUMBER
control field 535
003 - CONTROL NUMBER IDENTIFIER
rucl marc code BD-RjUL
005 - DATE AND TIME OF LATEST TRANSACTION
control field 20211208233209.0
008 - FIXED-LENGTH DATA ELEMENTS--GENERAL INFORMATION
fixed length control field 131118s1946 nyua b 00110 eng d
035 ## - SYSTEM CONTROL NUMBER
System control number (BD-RjUL)552
040 ## - CATALOGING SOURCE
Original cataloging agency DLC
Transcribing agency PCJ
Modifying agency SER
-- BD-RjUL
Language of cataloging eng
041 ## - LANGUAGE CODE
Language code of text/sound track or separate title eng
082 ## - DEWEY DECIMAL CLASSIFICATION NUMBER
Edition number 20
Classification number 651.53
Author mark and year PES 1946
090 ## - LOCALLY ASSIGNED LC-TYPE CALL NUMBER (OCLC); LOCAL CALL NUMBER (OCLC)
Classification number (OCLC) (R) ; Classification number, CALL (RLIN) (NR) Z695
Local cutter number (OCLC) ; Book number/undivided call number, CALL (RLIN) .F46
100 1# - MAIN ENTRY--PERSONAL NAME
Personal name Pettee, Julia,
Dates associated with a name 1872-
9 (RLIN) 1646
245 00 - TITLE STATEMENT
Title Subject headings:
Remainder of title the history and theory of the alphabetical subject approach to books/
Statement of responsibility, etc. by Julia Pettee.
260 ## - PUBLICATION, DISTRIBUTION, ETC. (IMPRINT)
Place of publication, distribution, etc. New York:
Name of publisher, distributor, etc. The H. W. Wilson Company,
Date of publication, distribution, etc. 1946.
300 ## - PHYSICAL DESCRIPTION
Pagination 191 p. :
Illustrations diagr. ;
Size 23 cm.
504 ## - BIBLIOGRAPHY, ETC. NOTE
Bibliography, etc "Published library catalogs mentioned in chapter II": p. 50-53. Bibliography: p. [167]-186.
650 #0 - SUBJECT ADDED ENTRY--TOPICAL TERM
Topical term or geographic name as entry element Subject headings.
9 (RLIN) 1585
942 ## - ADDED ENTRY ELEMENTS (KOHA)
Source of classification or shelving scheme Dewey Decimal Classification
Koha item type Books
Holdings
Lost status Source of classification or shelving scheme Damaged status Not for loan Collection code Permanent Location Current Location Shelving location Date acquired Total Checkouts Full call number Date last seen Copy number Koha item type
  Dewey Decimal Classification   Not For Loan Non-fiction Central Library, University of Rajshahi Central Library, University of Rajshahi   04/10/1955   651.53 PES 1946 18/11/2013 C-1 Books